|
|
|
|
| LEADER |
00000cab a2200000 4500 |
| 001 |
vtls011524674 |
| 003 |
SK-MaSNL |
| 005 |
20260303181532.0 |
| 008 |
230704|1954 xo |||||||||||||||||slo| |
| 015 |
|
|
|a SNBRB
|
| 035 |
|
|
|a (urnnbn)urn:nbn:sk:snk:ar-002kyj
|
| 035 |
|
|
|a (uuid)f716f457-3a2f-4957-b3e4-436a224b7e3e
|
| 035 |
|
|
|a urn:nbn:sk:snk-abec5s
|
| 040 |
|
|
|a SNKBUCL
|b slo
|c SNKBUCL
|e AACR2
|
| 041 |
0 |
|
|a slo
|
| 044 |
|
|
|a xo
|c SK
|
| 072 |
|
7 |
|a 821.162.4-3
|x Slovenská próza
|2 konspekt
|
| 080 |
|
|
|a 821.162.4-3
|2 2011
|
| 100 |
1 |
|
|a Letz, Štefan,
|d 1900-1960
|4 aut
|9 122828
|
| 245 |
1 |
0 |
|a Eminent Duhovič
|b (úryvky)
|c Štefan Letz
|
| 655 |
|
7 |
|a slovenské novely
|2 SNKPH
|9 70570
|
| 655 |
|
7 |
|a úryvky
|2 SNKPH
|9 84604
|
| 773 |
0 |
|
|t Slovenské pohľady
|g Roč. 70, č. 4 (1954), s. 294-319
|
| 850 |
|
|
|a Slovenská národná knižnica
|
| 852 |
|
|
|a Slovenská národná knižnica
|
| 958 |
|
|
|a LX
|
| 958 |
|
|
|a BX
|
| 958 |
|
|
|a OND
|
| 958 |
|
|
|a EUIPO
|
| 958 |
|
|
|a article21
|
| 999 |
|
|
|c 2112906
|d 2114836
|